Dynamics of Brain Edema (Record no. 2865)

MARC details
000 -LEADER
fixed length control field 00381nam a22001457a 4500
008 - FIXED-LENGTH DATA ELEMENTS--GENERAL INFORMATION
fixed length control field 250404b |||||||| |||| 00| 0 eng d
020 ## - INTERNATIONAL STANDARD BOOK NUMBER
ISBN 9783540080090
100 ## - MAIN ENTRY--AUTHOR
Author Pappius Hanna M.
245 ## - TITLE STATEMENT
Title Dynamics of Brain Edema
260 ## - PUBLICATION, DISTRIBUTION, ETC. (IMPRINT)
Place of publication New york
Name of publisher Springer-verlag
Date of publication 1976
300 ## - COLLATION
Pagination xiv,404p
650 ## - TRACINGS
Main Subject Blood Brain Barrier
Subdivision (1st) Cerebral Edema
942 ## - ADDED ENTRY ELEMENTS (KOHA)
Item type Books
050 ## - LIBRARY OF CONGRESS CALL NUMBER
Classification number RC394
Item number .P37
Holdings
Source of classification or shelving scheme Not for loan Permanent location Current location Date acquired Accession No. Full call number Barcode. Koha item type
Library of Congress Classification   Medical Library Medical Library 04/04/2025 2024/63078 RC394.P37 2025-1196 Books